|
|
|
|
| LEADER |
00725nam a22002172a 4500 |
| 001 |
001760490 |
| 003 |
CZ BrMZK |
| 005 |
20200907143733.0 |
| 007 |
ta |
| 008 |
200724s1897 ci er|||||||||||hrv d |
| 040 |
|
|
|a BOA001
|b cze
|e aacr2
|
| 100 |
1 |
|
|a Šenoa, August,
|d 1838-1881
|7 jn20001005030
|4 aut
|
| 245 |
1 |
0 |
|a Sabrane pripoviesti.
|n Sv. 8. /
|c August Šenoa
|
| 260 |
|
|
|a U Zagrebu :
|b Matica Hrvatska,
|c 1897
|
| 300 |
|
|
|a [iii], 378 s.
|
| 910 |
|
|
|a BOA001
|b 3-0520.537,8
|
| 990 |
|
|
|a BK
|
| 993 |
|
|
|a Y
|
| 991 |
|
|
|b 202007
|
| 996 |
6 |
|
|b 2618890499
|c 3-0520.537,8
|l MZK
|r Sklad / do 1 hodiny
|n 0
|w 001816046
|u 000020
|a 1
|e BOA001
|j MZK50
|s P
|
| 996 |
6 |
|
|b 2618890500
|c 3-0520.537,8
|l MZK
|r Sklad / do 1 hodiny
|n 0
|w 001816046
|u 000010
|a 1
|e BOA001
|j MZK50
|s P
|